| 000 | 01082nam a2200241 i 4500 | ||
|---|---|---|---|
| 001 | 159452 | ||
| 003 | ES-MaACL | ||
| 005 | 20250526131436.0 | ||
| 008 | 960708s1571 sp |||| | spa d | ||
| 100 | 1 |
_aMercado, Tomás de. _980438 |
|
| 245 | 1 | 0 |
_aSumma de tratos y contratos / _ccompuesta por ... Fray Thomas de Mercado de la Orden de los Predicadores ... ; diuidida en seys libros ; añadidas a la primera addicion muchas nueuas resoluciones y dos libros enteros. |
| 260 |
_aEn Sevilla : _ben casa de Hernando Diaz ..., _c1571. |
||
| 300 |
_a[13], 162, 228, [16] h. ; _c4º. |
||
| 530 | _aDisponible en formato digital. | ||
| 596 | _aColofón precede a tabla, en verso de h. 228. | ||
| 597 | _aSign.: [ ]1, 2*12, A-T8, V10, 2A-2Z8, 3A-3E8, 3F4, 3G-3H8. | ||
| 597 | _aPort. con grab. xil. | ||
| 650 | 4 |
_aÉtica empresarial- _vObras anteriores a 1800. _9156275 |
|
| 852 |
_aES-MaACL _jR-839 _z- Enc. perg. _xOlim: G-1580 |
||
| 856 |
_uhttp://bdh-rd.bne.es/viewer.vm?id=0000112804&page=1 _zBiblioteca Digital Hispánica |
||
| 942 | _2udc | ||
| 999 |
_c159452 _d159452 |
||